[Event "Nassau-ch"]
[Site "Nassau"]
[Date "2009.11.07"]
[Round "7"]
[White "De Moore, Scott T"]
[Black "Parascandolo, Andrew"]
[Result "0-1"]
[WhiteElo "1957"]
[BlackElo "1953"]
[PlyCount "85"]
[EventDate "2009.10.19"]
[EventType "swiss"]
[EventRounds "10"]
[EventCountry "USA"]
[SourceTitle "EXT 2011"]
[Source "ChessBase"]
[SourceDate "2010.11.26"]
[SourceVersion "1"]
[SourceVersionDate "2010.11.26"]
[SourceQuality "1"]

1. c4 c5 2. Nc3 Nc6 3. Nf3 Nf6 4. g3 g6 5. Bg2 Bg7 6. 0-0 0-0 7. d4 cxd4 8. Nxd4 Nxd4 9. Qxd4 d6 10. h3 Qa5 11. Bd2 Qh5 12. Nd5 Nxd5 13. Qxd5 Qxd5 14. cxd5 Bxb2 15. Rab1 Bd4 16. Rfc1 Bc5 17. Bb4 b6 18. e4 Ba6 19. Bxc5 bxc5 20. Rb2 Rab8 21. Rcb1 Rxb2 22. Rxb2 Rc8 23. Bf1 Bxf1 24. Kxf1 Kf8 25. Rb7 a5 26. Ke2 c4 27. Kd2 c3+ 28. Kc2 Rc4 29. f3 Ra4 30. Kb3 Rc4 31. Kc2 Rb4 32. Rxb4 axb4 33. a3 bxa3 34. Kxc3 f5 35. exf5 gxf5 36. f4 e5 37. dxe6 Ke7 38. Kb3 Kxe6 39. Kxa3 Kd5 40. Kb4 Ke4 41. Kb5 h5 42. Kc6 d5 43. Kd6 0-1

[Event "Nassau-ch"]
[Site "Nassau"]
[Date "2009.10.19"]
[Round "1"]
[White "Massotti, Thomas A"]
[Black "De Moore, Scott T"]
[Result "1-0"]
[WhiteElo "1719"]
[BlackElo "1957"]
[PlyCount "119"]
[EventDate "2009.10.19"]
[EventType "swiss"]
[EventRounds "10"]
[EventCountry "USA"]
[SourceTitle "EXT 2011"]
[Source "ChessBase"]
[SourceDate "2010.11.26"]
[SourceVersion "1"]
[SourceVersionDate "2010.11.26"]
[SourceQuality "1"]

1. Nf3 f5 2. b3 Nf6 3. Bb2 e6 4. g3 d5 5. Bg2 Be7 6. 0-0 c6 7. d3 0-0 8. Nbd2 Bd7 9. Qe1 Na6 10. a3 Nc5 11. Rd1 a5 12. Ne5 Be8 13. e4 Bh5 14. Rc1 fxe4 15. dxe4 Ncxe4 16. Nxe4 Nxe4 17. Bxe4 dxe4 18. Qxe4 Qd5 19. Rfe1 Qxe4 20. Rxe4 Bc5 21. Nd3 Bg6 22. Nxc5 Bxe4 23. Nxe4 Rad8 24. Bc3 Rd5 25. a4 Rfd8 26. Kf1 b5 27. Bxa5 Ra8 28. b4 bxa4 29. Nc3 Rd4 30. Ra1 Rc4 31. Nxa4 Rxc2 32. Nc5 Rf8 33. Ne4 h5 34. h4 Kh7 35. Bb6 Kg6 36. Bc5 Rf7 37. Re1 Rf5 38. Ng5 e5 39. Kg2 Kf6 40. Rd1 Kg6 41. Rd6+ Rf6 42. Ne4 Rxd6 43. Nxd6 Kf6 44. Kf3 g6 45. Nb7 Ke6 46. Nd8+ Kd5 47. Nf7 Ke6 48. Ng5+ Kf5 49. Ne4 Ke6 50. Nd6 Kd5 51. Nc8 Rc3+ 52. Ke2 Ke6 53. Ne7 Rxc5 54. bxc5 Kxe7 55. Ke3 Kf6 56. Ke4 Ke6 57. f3 Kf6 58. g4 hxg4 59. fxg4 Ke6 60. h5 1-0

[Event "Nassau CC-ch"]
[Site "Mineola"]
[Date "2008.11.17"]
[Round "5"]
[White "Weser, Adam"]
[Black "De Moore, Scott T"]
[Result "1/2-1/2"]
[WhiteElo "2093"]
[BlackElo "1897"]
[PlyCount "80"]
[EventDate "2008.10.20"]
[EventType "swiss"]
[EventRounds "10"]
[EventCountry "USA"]
[SourceTitle "EXT 2010"]
[Source "ChessBase"]
[SourceDate "2010.11.25"]
[SourceVersion "1"]
[SourceVersionDate "2010.11.25"]
[SourceQuality "1"]

1. d4 f5 2. Nc3 Nf6 3. Bg5 e6 4. e4 fxe4 5. Nxe4 Be7 6. Bxf6 Bxf6 7. Nf3 d5 8. Nc5 b6 9. Nd3 Ba6 10. Nde5 Bxf1 11. Rxf1 Qd6 12. Qe2 0-0 13. 0-0-0 Nd7 14. Nxd7 Qxd7 15. Rde1 Rae8 16. Kb1 c5 17. c3 Rf7 18. Ne5 Bxe5 19. Qxe5 Qc7 20. f4 Qxe5 21. Rxe5 cxd4 22. cxd4 Rc7 23. f5 Rce7 24. fxe6 Rxe6 25. Rxd5 Re1+ 26. Rxe1 Rxe1+ 27. Kc2 Re2+ 28. Kc3 Rxg2 29. Rh5 g6 30. Rh3 Rg5 31. Kd3 Rg2 32. d5 Rxb2 33. d6 Kf7 34. Re3 Rb1 35. Kc2 Rb5 36. Re7+ Kf6 37. Rxh7 Rd5 38. d7 Ke6 39. Rh6 Kf6 40. Rh7 Ke6 1/2-1/2

[Event "Nassau CC-ch"]
[Site "Mineola"]
[Date "2007.12.10"]
[Round "9"]
[White "De Moore, Scott T"]
[Black "Russo, Frederick"]
[Result "1-0"]
[WhiteElo "1878"]
[BlackElo "1649"]
[PlyCount "75"]
[EventDate "2007.10.15"]
[EventType "swiss"]
[EventRounds "10"]
[EventCountry "USA"]
[SourceTitle "EXT 2009"]
[Source "ChessBase"]
[SourceDate "2008.11.26"]
[SourceVersion "1"]
[SourceVersionDate "2008.11.26"]
[SourceQuality "1"]

1. e4 c5 2. Nf3 d6 3. d4 cxd4 4. Nxd4 Nf6 5. Nc3 a6 6. Bc4 Nc6 7. Bb3 Na5 8. 0-0 e5 9. Nf3 Nxb3 10. axb3 Be7 11. Bg5 b5 12. Bxf6 Bxf6 13. Nxb5 Bb7 14. Nxd6+ Ke7 15. Nxb7 Qc7 16. Qd5 Ra7 17. Qc5+ Qxc5 18. Nxc5 Rc8 19. b4 Kf8 20. Rfd1 Be7 21. Nxe5 f6 22. Ned7+ Kf7 23. c3 Rcc7 24. Nb6 Rc6 25. Rd7 Rxd7 26. Nbxd7 Rd6 27. Kf1 Rd2 28. b3 Rc2 29. c4 Rd2 30. Nb6 Rb2 31. Nd5 Bd6 32. Rxa6 Be5 33. Ra7+ Kg6 34. Nd3 Rb1+ 35. Ke2 Bd4 36. Ra3 Rg1 37. c5 Rxg2 38. N5f4+ 1-0

[Event "Nassau CC-ch"]
[Site "Mineola"]
[Date "2007.11.26"]
[Round "7"]
[White "De Moore, Scott T"]
[Black "Zardus, David L"]
[Result "1-0"]
[WhiteElo "1878"]
[BlackElo "1821"]
[PlyCount "85"]
[EventDate "2007.10.15"]
[EventType "swiss"]
[EventRounds "10"]
[EventCountry "USA"]
[SourceTitle "EXT 2009"]
[Source "ChessBase"]
[SourceDate "2008.11.26"]
[SourceVersion "1"]
[SourceVersionDate "2008.11.26"]
[SourceQuality "1"]

1. e4 Nf6 2. Nc3 d5 3. exd5 Nxd5 4. Nxd5 Qxd5 5. d4 Nc6 6. Nf3 Bg4 7. c4 Qe4+ 8. Be3 Bxf3 9. gxf3 Qf5 10. Bd3 Qd7 11. Qa4 e5 12. d5 Bb4+ 13. Kd1 0-0-0 14. Kc1 a5 15. a3 Be7 16. dxc6 Qxd3 17. Qxa5 bxc6 18. Qa6+ Kd7 19. Rd1 Qxd1+ 20. Kxd1 Ra8 21. Ba7 Bc5 22. Qa5 Bxa7 23. Qxe5 f6 24. Qf5+ Ke7 25. Kc2 Bxf2 26. Qe4+ Kf7 27. Qxc6 Bb6 28. Re1 Rhd8 29. c5 Ba5 30. b4 Bxb4 31. Qe6+ Kf8 32. Qe7+ Kg8 33. axb4 c6 34. Qe6+ Kf8 35. Qxc6 Kf7 36. Qc7+ Kg6 37. Rg1+ Kf5 38. Qc6 Ra2+ 39. Kb3 Re2 40. Rxg7 Re3+ 41. Kc4 Rdd3 42. Qc8+ Kf4 43. Qg4+ 1-0

[Event "Nassau CC-ch"]
[Site "Mineola"]
[Date "2006.11.06"]
[Round "4"]
[White "Billinghurst, Ricardo Perez"]
[Black "De Moore, Scott T"]
[Result "1-0"]
[WhiteElo "2084"]
[BlackElo "1763"]
[PlyCount "71"]
[EventDate "2006.10.16"]
[EventType "swiss"]
[EventRounds "10"]
[EventCountry "USA"]
[SourceTitle "EXT 2008"]
[Source "ChessBase"]
[SourceDate "2007.11.25"]
[SourceVersion "1"]
[SourceVersionDate "2007.11.25"]
[SourceQuality "1"]

1. e4 d6 2. d4 Nf6 3. Nc3 g6 4. f4 Bg7 5. Nf3 c5 6. Bb5+ Bd7 7. e5 Ng4 8. Bxd7+ Qxd7 9. d5 0-0 10. 0-0 Na6 11. h3 Nh6 12. Be3 Nc7 13. Qd2 Nf5 14. Bf2 h5 15. Ne4 dxe5 16. c4 Bh6 17. Nxe5 Qc8 18. Bxc5 Na6 19. Ba3 Qc7 20. Rad1 Qxe5 21. fxe5 Bxd2 22. Rxd2 Ne3 23. Rc1 Rfc8 24. b3 Nc7 25. Kf2 Nf5 26. g4 hxg4 27. hxg4 Nh6 28. Rg1 b5 29. Bxe7 bxc4 30. bxc4 Ne8 31. c5 f5 32. gxf5 Nxf5 33. Bg5 Rab8 34. d6 Nexd6 35. exd6 Rf8 36. Nf6+ 1-0

[Event "Nassau CC-ch"]
[Site "Mineola"]
[Date "2006.10.30"]
[Round "3"]
[White "De Moore, Scott T"]
[Black "Shanbhag, Arun N"]
[Result "1-0"]
[WhiteElo "1763"]
[BlackElo "1644"]
[PlyCount "97"]
[EventDate "2006.10.16"]
[EventType "swiss"]
[EventRounds "10"]
[EventCountry "USA"]
[SourceTitle "EXT 2008"]
[Source "ChessBase"]
[SourceDate "2007.11.25"]
[SourceVersion "1"]
[SourceVersionDate "2007.11.25"]
[SourceQuality "1"]

1. e4 c5 2. Nf3 d6 3. d4 cxd4 4. Nxd4 Nf6 5. Nc3 a6 6. Bc4 e6 7. Bb3 Be7 8. Be3 b5 9. a3 Qc7 10. 0-0 Nc6 11. f4 0-0 12. Qe2 Na5 13. Ba2 Nc4 14. Bxc4 Qxc4 15. Qxc4 bxc4 16. Nc6 Re8 17. Rad1 Bf8 18. Na5 d5 19. exd5 Nxd5 20. Nxd5 exd5 21. Kf2 Be6 22. Nc6 g6 23. h3 Rac8 24. Nd4 Bg7 25. c3 Rb8 26. Rd2 Rec8 27. g4 Rb7 28. Re1 Bd7 29. Ree2 Rd8 30. Nf3 Be6 31. Bd4 Bh6 32. g5 Bg7 33. Bxg7 Kxg7 34. Kg3 Bf5 35. Ne5 Rc7 36. Rd4 a5 37. Red2 Rc5 38. Nxc4 Be6 39. Ne3 Rb5 40. h4 h6 41. c4 Rb3 42. Kf2 Rxe3 43. Kxe3 Re8 44. cxd5 Bxd5+ 45. Kf2 Bb3 46. R2d3 a4 47. Rb4 hxg5 48. fxg5 Rc8 49. Rdxb3 1-0

[Event "Nassau CC-ch"]
[Site "Nassau"]
[Date "2000.11.27"]
[Round "7"]
[White "Caruana, Fabiano"]
[Black "De Moore, Scott T"]
[Result "0-1"]
[WhiteElo "1575"]
[BlackElo "1706"]
[PlyCount "116"]
[EventDate "2000.10.??"]
[EventType "swiss"]
[EventRounds "10"]
[EventCountry "USA"]
[SourceTitle "EXT 2003"]
[Source "ChessBase"]
[SourceDate "2002.11.25"]
[SourceVersion "1"]
[SourceVersionDate "2002.11.25"]
[SourceQuality "1"]

1. e4 d6 2. d4 Nf6 3. Nc3 g6 4. Nf3 Bg4 5. Bc4 e6 6. Bg5 h6 7. Bh4 g5 8. Bg3 Bg7 9. 0-0 Nc6 10. Re1 0-0 11. d5 exd5 12. Bxd5 Nxd5 13. Nxd5 Ne5 14. Bxe5 Bxe5 15. h4 c6 16. Ne3 Be6 17. hxg5 hxg5 18. Nxe5 dxe5 19. Qf3 Kg7 20. Rad1 Qf6 21. Qg3 Rad8 22. Nf5+ Bxf5 23. Rxd8 Rxd8 24. exf5 Qxf5 25. Qxe5+ Qxe5 26. Rxe5 Rd1+ 27. Kh2 Kf6 28. Ra5 a6 29. Kg3 Kg6 30. Kf3 f5 31. c4 Rd2 32. b3 Kf6 33. a3 Rd3+ 34. Ke2 Rxb3 35. Ra4 f4 36. Rb4 Rxb4 37. axb4 b6 38. Kd3 Ke5 39. f3 a5 40. bxa5 bxa5 41. Kc3 c5 42. Kb3 Kd4 43. Ka4 Kxc4 44. Kxa5 Kd3 45. Kb5 c4 46. Kc5 c3 47. Kd5 c2 48. Ke5 c1Q 49. Kf5 Ke3 50. Kxg5 Qg1 51. Kf5 Qxg2 52. Ke5 Qg5+ 53. Ke6 Kd4 54. Kd6 Qd5+ 55. Ke7 Ke5 56. Kf8 Qb7 57. Kg8 Kf6 58. Kh8 Qg7# 0-1

[Event "Nassau CC-ch"]
[Site "Nassau"]
[Date "2000.10.23"]
[Round "2"]
[White "Kahn, Richard"]
[Black "De Moore, Scott T"]
[Result "1/2-1/2"]
[WhiteElo "1400"]
[BlackElo "1706"]
[PlyCount "114"]
[EventDate "2000.10.??"]
[EventType "swiss"]
[EventRounds "10"]
[EventCountry "USA"]
[SourceTitle "EXT 2003"]
[Source "ChessBase"]
[SourceDate "2002.11.25"]
[SourceVersion "1"]
[SourceVersionDate "2002.11.25"]
[SourceQuality "1"]

1. Nf3 f5 2. d3 Nf6 3. g3 e6 4. Bg2 d5 5. b3 Bd6 6. 0-0 Qe7 7. a4 c6 8. Bb2 0-0 9. Ne5 Bd7 10. f4 Bxe5 11. fxe5 Ng4 12. Qd2 c5 13. h3 Nh6 14. d4 Rc8 15. Ba3 b6 16. b4 cxb4 17. Bxb4 Qe8 18. Nc3 Nc6 19. Bd6 Nf7 20. Nb5 Nxd6 21. Nxd6 Qg6 22. Nxc8 Rxc8 23. Ra3 Na5 24. Rc3 Nc4 25. Qc1 Bxa4 26. g4 fxg4 27. Rg3 Rf8 28. Rxf8+ Kxf8 29. Rxg4 Qh6 30. Qxh6 gxh6 31. c3 Bc2 32. e4 Ne3 33. Rf4+ Ke7 34. exd5 exd5 35. Rf3 Nd1 36. Rg3 Be4 37. Bxe4 dxe4 38. Rg7+ Ke6 39. Rxa7 Nxc3 40. Rxh7 Ne2+ 41. Kf2 Nxd4 42. Rxh6+ Kxe5 43. Rxb6 Kf4 44. Rf6+ Nf5 45. Rf8 e3+ 46. Ke2 Ke4 47. Rxf5 Kxf5 48. Kxe3 Kg5 49. Kf3 Kh4 50. Kg2 Kh5 51. Kg3 Kg5 52. h4+ Kh6 53. Kg4 Kh7 54. Kg5 Kh8 55. Kg6 Kg8 56. h5 Kh8 57. Kf7 Kh7 1/2-1/2

[Event "Nassau CC-ch"]
[Site "Nassau"]
[Date "1999.12.13"]
[Round "9"]
[White "Stenzel, Harold G"]
[Black "De Moore, Scott T"]
[Result "1-0"]
[WhiteElo "2077"]
[BlackElo "1746"]
[PlyCount "73"]
[EventDate "1999.10.18"]
[EventType "swiss"]
[EventRounds "10"]
[EventCountry "USA"]
[SourceTitle "EXT 2003"]
[Source "ChessBase"]
[SourceDate "2002.11.25"]
[SourceVersion "1"]
[SourceVersionDate "2002.11.25"]
[SourceQuality "1"]

1. e4 Nf6 2. e5 Nd5 3. c4 Nb6 4. d4 d6 5. f4 Bf5 6. Nf3 e6 7. Be3 Be7 8. Be2 0-0 9. 0-0 d5 10. b3 Nc6 11. Nc3 a6 12. c5 Nd7 13. Nd2 h6 14. a3 Kh8 15. g4 Bh7 16. Nf3 Be4 17. Nxe4 dxe4 18. Nd2 f5 19. gxf5 exf5 20. d5 Ncxe5 21. fxe5 Nxe5 22. Nc4 Nxc4 23. Bxc4 Bg5 24. Bxg5 Qxg5+ 25. Kh1 f4 26. Qd4 f3 27. Rg1 Qf6 28. Qxe4 f2 29. Rgf1 Rae8 30. Qg2 Qd4 31. d6 cxd6 32. cxd6 b5 33. Rad1 Qb6 34. d7 Re7 35. Rxf2 Rd8 36. Rf7 Qe3 37. Qxg7# 1-0

[Event "Nassau CC-ch"]
[Site "Nassau"]
[Date "1999.11.29"]
[Round "7"]
[White "De Moore, Scott T"]
[Black "Chwick, A."]
[Result "0-1"]
[WhiteElo "1746"]
[BlackElo "1785"]
[PlyCount "52"]
[EventDate "1999.10.18"]
[EventType "swiss"]
[EventRounds "10"]
[EventCountry "USA"]
[SourceTitle "EXT 2003"]
[Source "ChessBase"]
[SourceDate "2002.11.25"]
[SourceVersion "1"]
[SourceVersionDate "2002.11.25"]
[SourceQuality "1"]

1. d4 Nf6 2. c4 e5 3. dxe5 Ng4 4. Nf3 Nc6 5. g3 Bc5 6. e3 Ngxe5 7. Nbd2 d6 8. Nxe5 Nxe5 9. Qc2 Qf6 10. Bg2 Bf5 11. Qa4+ c6 12. 0-0 0-0 13. Ne4 Qg6 14. Nxc5 dxc5 15. Bd2 Bd3 16. Rfc1 Nxc4 17. Bc3 b5 18. Qb3 Rfd8 19. a3 a5 20. Qa2 a4 21. Bxc6 Qxc6 22. b3 axb3 23. Qxb3 Be4 24. Ra2 Bh1 25. Kf1 Bg2+ 26. Ke1 Bh3 0-1

[Event "Nassau CC-ch"]
[Site "Nassau"]
[Date "1999.11.01"]
[Round "3"]
[White "De Moore, Scott T"]
[Black "Kaplan, Ivan"]
[Result "0-1"]
[WhiteElo "1746"]
[BlackElo "1700"]
[PlyCount "76"]
[EventDate "1999.10.18"]
[EventType "swiss"]
[EventRounds "10"]
[EventCountry "USA"]
[SourceTitle "EXT 2003"]
[Source "ChessBase"]
[SourceDate "2002.11.25"]
[SourceVersion "1"]
[SourceVersionDate "2002.11.25"]
[SourceQuality "1"]

1. d4 d5 2. c4 Nf6 3. Nc3 c6 4. Nf3 Bf5 5. Bg5 Ne4 6. Nxe4 dxe4 7. Nh4 g6 8. Nxf5 gxf5 9. Qd2 Rg8 10. 0-0-0 Rg6 11. g3 Qd6 12. Bf4 Qd8 13. Qb4 Qc8 14. c5 Na6 15. Qb3 Bh6 16. e3 Bxf4 17. gxf4 Nc7 18. Bc4 e6 19. Rhg1 Rb8 20. h4 Kd7 21. Be2 Qg8 22. Rxg6 Qxg6 23. Rf1 Qg2 24. Qd1 Rg8 25. h5 Nd5 26. Qa4 a6 27. Qb3 Kc8 28. Qa3 Qh2 29. Bxa6 bxa6 30. Qxa6+ Kd7 31. b4 Rg1 32. Qb7+ Nc7 33. Rd1 Rxd1+ 34. Kxd1 Qxf2 35. a4 Qxe3 36. b5 Qxd4+ 37. Ke1 Qc3+ 38. Kf1 cxb5 0-1